00302nam a22001217a 4500020001500000082001700015100001800032245004300050250001700093260005100110300001100161563000800172 a1859413773 a346.044bDIX aDixon, Martin aPrinciples of Land Law /cMartin Dixon a3rd Edition. aLondon:bCavendish Publishing Limited, c1999. a386 p. aPB.